Law & practice relating to securitisation and reconstruction of financial assets & enforcement of secutity interest (Record no. 172006)

MARC details
000 -LEADER
fixed length control field 00478nam a2200157Ia 4500
008 - FIXED-LENGTH DATA ELEMENTS--GENERAL INFORMATION
fixed length control field 230917s9999||||xx |||||||||||||| ||und||
040 ## - CATALOGING SOURCE
-- 204443
Original cataloging agency VIVEKANANDA LIBRARY
041 ## - Language
-- English
082 ## - DDC NUMBER
Classification number 346.0922 U199L(5)
100 ## - MAIN ENTRY--PERSONAL NAME
Personal name Umarji, M R
245 #0 - TITLE STATEMENT
Title Law & practice relating to securitisation and reconstruction of financial assets & enforcement of secutity interest
250 ## - EDITION STATEMENT
Edition statement 5th ed.
260 ## - PUBLICATION, DISTRIBUTION, ETC. (IMPRINT)
Place of publication, distribution, etc New Delhi
Name of publisher, distributor, etc Taxmann Publications
Date of publication, distribution, etc 2010
300 ## - PHYSICAL DESCRIPTION
Pages 1347 p.
942 ## - ADDED ENTRY ELEMENTS (KOHA)
Koha item type Books
Holdings
Withdrawn status Lost status Damaged status Not for loan Location (home branch) Sublocation or collection (holding branch) Date acquired Koha issues (times borrowed) Koha full call number Accession No. Koha date last seen Koha item type
        VIVEKANANDA LIBRARY VIVEKANANDA LIBRARY 24/12/2012   346.0922 U199L(5) 322086 17/09/2023 Books
© Designed and Maintained by Vivekananda Library, MDU Rohtak